ARRUPE JESUIT UNIVERSITY

CORONAVIRUS -STOP THE SPREAD - CLEAN,DISINFECT,COVER

Die Deutschen Sprichwörter / (Record no. 131148)

MARC details
000 -LEADER
fixed length control field 00832nam a2200253 a 4500
001 - CONTROL NUMBER
control field 1056891
003 - CONTROL NUMBER IDENTIFIER
control field ARRUPE
005 - DATE AND TIME OF LATEST TRANSACTION
control field 20220330075639.0
008 - FIXED-LENGTH DATA ELEMENTS--GENERAL INFORMATION
fixed length control field 900129s1988 gw a b 000 0 ger c
010 ## - LIBRARY OF CONGRESS CONTROL NUMBER
LC control number 90110585
020 ## - INTERNATIONAL STANDARD BOOK NUMBER
International Standard Book Number 3150284538 (pbk.)
020 ## - INTERNATIONAL STANDARD BOOK NUMBER
International Standard Book Number 3150084539 (hard)
040 ## - CATALOGING SOURCE
Original cataloging agency MH
Transcribing agency MH
050 14 - LIBRARY OF CONGRESS CALL NUMBER
Classification number PN6461
Item number .D48 1988
300 ## - PHYSICAL DESCRIPTION
Other physical details ill. ;
Dimensions 15 cm.
245 04 - TITLE STATEMENT
Title Die Deutschen Sprichwörter /
Statement of responsibility, etc gesammelt von Karl Simrock ; Einleitung von Wolfgang Mieder.
260 ## - PUBLICATION, DISTRIBUTION, ETC. (IMPRINT)
Place of publication, distribution, etc Stuttgart :
Name of publisher, distributor, etc P. Reclam,
Date of publication, distribution, etc c1988.
300 ## - PHYSICAL DESCRIPTION
Extent 630 p. :
490 0# - SERIES STATEMENT
Series statement Universal-Bibliothek ;
Volume number/sequential designation Nr. 8453
504 ## - BIBLIOGRAPHY, ETC. NOTE
Bibliography, etc Includes bibliographical references (p. [16] - 18).
650 #0 - SUBJECT ADDED ENTRY--TOPICAL TERM
Topical term or geographic name as entry element Proverbs, German.
9 (RLIN) 51054
700 1# - ADDED ENTRY--PERSONAL NAME
Personal name Simrock, Karl Joseph,
Dates associated with a name 1802-1876.
9 (RLIN) 51055
906 ## - LOCAL DATA ELEMENT F, LDF (RLIN)
a 7
b cbc
c orignew
d u
e ncip
f 19
g y-gencatlg
942 ## - ADDED ENTRY ELEMENTS (KOHA)
Source of classification or shelving scheme Library of Congress Classification
Koha item type Monograph ( Printed materials)

No items available.

 

Arrupe Library. PO Box MP320 Mt Pleasant, Harare, Zimbabwe
263 242 745411|librarian@aju.ac.zw